Catálogo
 En Linea

Sobre todas las cosas : (Registro nro. 44820)

Detalles MARC
000 -CABECERA
campo de control de longitud fija 00830nam a2200265 a 4500
001 - NÚMERO DE CONTROL
campo de control 000045331
003 - IDENTIFICADOR DEL NÚMERO DE CONTROL
campo de control OSt
005 - FECHA Y HORA DE LA ÚLTIMA TRANSACCIÓN
campo de control 20240530073923.0
008 - DATOS DE LONGITUD FIJA--INFORMACIÓN GENERAL
campo de control de longitud fija 150303s2015 dr ac r 000 f spa d
020 ## - NÚMERO INTERNACIONAL ESTÁNDAR DEL LIBRO
Número Internacional Estándar del Libro 9789945896800
040 ## - FUENTE DE LA CATALOGACIÓN
Centro catalogador/agencia de origen DO-SdBNP
Lengua de catalogación spa
Centro/agencia transcriptor BNPHU
082 ## - NÚMERO DE LA CLASIFICACIÓN DECIMAL DEWEY
Número de clasificación RD863.44
Número de documento/Ítem F825s
100 1# - ENTRADA PRINCIPAL--NOMBRE DE PERSONA
Nombre de persona Franco, Gerson R.
9 (RLIN) 73353
245 10 - MENCIÓN DE TÍTULO
Título Sobre todas las cosas :
Resto del título (un romance de altos vuelos) /
Mención de responsabilidad, etc. Gerson R. Franco.
260 ## - PUBLICACIÓN, DISTRIBUCIÓN, ETC.
Lugar de publicación, distribución, etc. Santo Domingo :
Nombre del editor, distribuidor, etc. FUNDALED,
Fecha de publicación, distribución, etc. 2015.
300 ## - DESCRIPCIÓN FÍSICA
Extensión 127 p. :
Otras características físicas il., retrs. ;
Dimensiones 22 cm.
490 1# - MENCIÓN DE SERIE
Mención de serie BiblioTK
590 ## - NOTA LOCAL (RLIN)
Nota local Inventariado, 2020/BT
650 #0 - PUNTO DE ACCESO ADICIONAL DE MATERIA--TÉRMINO DE MATERIA
Término de materia o nombre geográfico como elemento de entrada Novela dominicana
9 (RLIN) 223
650 #0 - PUNTO DE ACCESO ADICIONAL DE MATERIA--TÉRMINO DE MATERIA
Término de materia o nombre geográfico como elemento de entrada Literatura dominicana.
9 (RLIN) 67
710 22 - PUNTO DE ACCESO ADICIONAL--NOMBRE DE ENTIDAD CORPORATIVA
Nombre de entidad corporativa o nombre de jurisdicción como elemento de entrada Fundación Leer es Primero (República Dominicana)
9 (RLIN) 73354
830 #0 - PUNTO DE ACCESO ADICIONAL DE SERIE-TÍTULO UNIFORME
Título uniforme BiblioTK
9 (RLIN) 73355
910 ## - DATOS DE OPCIÓN DEL USUARIO (OCLC)
Datos de opción del usuario Validado. Control de calidad MFF
942 ## - ELEMENTOS DE PUNTO DE ACCESO ADICIONAL (KOHA)
Fuente del sistema de clasificación o colocación Dewey Decimal Classification
Tipo de ítem Koha Libro
Existencias
Estado de retiro Estado de pérdida Fuente del sistema de clasificación o colocación No para préstamo Código de colección Localización permanente Ubicación/localización actual Ubicación en estantería Fecha de adquisición Fuente de adquisición Número de inventario Total de préstamos Signatura topográfica completa Código de barras Fecha visto por última vez Número de copia Precio válido a partir de Tipo de ítem Koha
    Dewey Decimal Classification     Biblioteca Nacional Pedro Henríquez Ureña Biblioteca Nacional Pedro Henríquez Ureña En catalogación 06.12.2018 Donado por Nieve Lidia Emeterio Rondón     RD863.44 F825s   22.10.2020 e. 4 22.10.2020 Libro
    Dewey Decimal Classification   Dominicana de Servicio General General En catalogación 03.03.2015 Donado LF1   RD863.44 F825s 45331-30 25.06.2020 e.3 25.06.2020 Libro y Folleto Colección Dominicana de Servicio
    Dewey Decimal Classification Excluido de préstamo Patrimonio Dominicano Patrimonio Dominicano Patrimonio Dominicano En catalogación 03.03.2015 Donado LF1   RD863.44 F825s 45331-10 25.06.2020   25.06.2020 Libro y Folleto Colección Patrimonio Dominicano
    Dewey Decimal Classification Excluido de préstamo Patrimonio Dominicano Patrimonio Dominicano Patrimonio Dominicano En catalogación 03.03.2015   LF1   RD863.44 F825s 45331-20 25.06.2020 e.2 25.06.2020 Libro y Folleto Colección Patrimonio Dominicano

Con tecnología Koha